Statistics for management and economics / (Record no. 253027)
[ view plain ]
| 000 -LEADER | |
|---|---|
| fixed length control field | 01545cam a22003494a 4500 |
| 001 - CONTROL NUMBER | |
| control field | 2630898 |
| 003 - CONTROL NUMBER IDENTIFIER | |
| control field | OSt |
| 005 - DATE AND TIME OF LATEST TRANSACTION | |
| control field | 20160322121857.0 |
| 008 - FIXED-LENGTH DATA ELEMENTS--GENERAL INFORMATION | |
| fixed length control field | 990512s2000 caua bi 001 0 eng |
| 010 ## - LIBRARY OF CONGRESS CONTROL NUMBER | |
| LC control number | 99030181 |
| 020 ## - INTERNATIONAL STANDARD BOOK NUMBER | |
| International Standard Book Number | 0534368301 |
| 040 ## - CATALOGING SOURCE | |
| Original cataloging agency | DLC |
| Transcribing agency | DLC |
| Modifying agency | DLC |
| 042 ## - AUTHENTICATION CODE | |
| Authentication code | pcc |
| 050 00 - LIBRARY OF CONGRESS CALL NUMBER | |
| Classification number | HD30.215 |
| Item number | .K45 2000 |
| 082 00 - DEWEY DECIMAL CLASSIFICATION NUMBER | |
| Classification number | 658.4/033 |
| Edition number | 21 |
| 100 1# - MAIN ENTRY--PERSONAL NAME | |
| Personal name | Keller, Gerald. |
| 245 10 - TITLE STATEMENT | |
| Title | Statistics for management and economics / |
| Statement of responsibility, etc | Gerald Keller, Brian Warrack. |
| 250 ## - EDITION STATEMENT | |
| Edition statement | 5th ed. |
| 260 ## - PUBLICATION, DISTRIBUTION, ETC. (IMPRINT) | |
| Place of publication, distribution, etc | Pacific Grove : |
| Name of publisher, distributor, etc | Duxbury Press, |
| Date of publication, distribution, etc | c2000. |
| 300 ## - PHYSICAL DESCRIPTION | |
| Extent | 1 v. (various pagings) : |
| Other physical details | col. ill. ; |
| Dimensions | 27 cm. + |
| Accompanying material | 1 computer laser optical disc (4 3/4 in.) |
| 504 ## - BIBLIOGRAPHY, ETC. NOTE | |
| Bibliography, etc | Includes bibliographical references and index. |
| 538 ## - SYSTEM DETAILS NOTE | |
| System details note | System requirements for accompanying computer disc: Windows 98, 95, and Windows NT 3.5.1 or higher ; Power Macintosh or later, OS 7.5 or higher. |
| 650 #0 - SUBJECT ADDED ENTRY--TOPICAL TERM | |
| Topical term or geographic name as entry element | Management |
| General subdivision | Statistical methods. |
| Topical term or geographic name as entry element | Economics |
| General subdivision | Statistical methods. |
| 700 1# - ADDED ENTRY--PERSONAL NAME | |
| Personal name | Warrack, Brian. |
| 856 42 - ELECTRONIC LOCATION AND ACCESS | |
| Materials specified | Contributor biographical information |
| Uniform Resource Identifier | <a href="http://www.loc.gov/catdir/enhancements/fy1514/99030181-b.html">http://www.loc.gov/catdir/enhancements/fy1514/99030181-b.html</a> |
| Materials specified | Publisher description |
| Uniform Resource Identifier | <a href="http://www.loc.gov/catdir/enhancements/fy1514/99030181-d.html">http://www.loc.gov/catdir/enhancements/fy1514/99030181-d.html</a> |
| Materials specified | Table of contents only |
| Uniform Resource Identifier | <a href="http://www.loc.gov/catdir/enhancements/fy1514/99030181-t.html">http://www.loc.gov/catdir/enhancements/fy1514/99030181-t.html</a> |
| 906 ## - LOCAL DATA ELEMENT F, LDF (RLIN) | |
| a | 7 |
| b | cbc |
| c | orignew |
| d | 1 |
| e | ocip |
| f | 19 |
| g | y-gencatlg |
| 942 ## - ADDED ENTRY ELEMENTS (KOHA) | |
| Source of classification or shelving scheme | Library of Congress Classification |
| Koha item type | Long Loan Books |
| Withdrawn status | Lost status | Source of classification or shelving scheme | Damaged status | Not for loan | Collection code | Home library | Current library | Shelving location | Date acquired | Total Checkouts | Full call number | Barcode | Date last seen | Date checked out | Price effective from | Koha item type |
|---|---|---|---|---|---|---|---|---|---|---|---|---|---|---|---|---|
| Library of Congress Classification | Non-fiction | Rongo University Library | Rongo University Library | General Stacks | 22/03/2016 | 12 | HD30.215 .K45 2000 | 201611101 | 18/10/2022 | 03/02/2020 | 22/03/2016 | Long Loan Books | ||||
| Library of Congress Classification | Non-fiction | Rongo University Library | Rongo University Library | General Stacks | 15/03/2017 | HD30.215 .K45 2000 | 201615769 | 15/03/2017 | 15/03/2017 | Long Loan Books | ||||||
| Library of Congress Classification | Non-fiction | Rongo University Library | Rongo University Library | General Stacks | 24/05/2017 | HD30.215 .K45 2000 | 20168466 | 24/05/2017 | 24/05/2017 | Long Loan Books |
